Hallo 5 Arbeitsheft : pracovný zošit k učebnici nemčiny pre základné školy

Bibliographic Details
Main Authors: Menzlová, Beáta (Author), Olejárová, Alexandra (Author)
Other Authors: Csiva, Peter (Illustrator)
Format: Book
Language:German
PhysicalDescription:96 s. ilustr. 30 cm
Published: Bratislava Orbis Pictus Istropolitana 2012
ISBN:9788081201684
Edition:1. vyd.
Subjects:

MARC

LEADER 00000cam a2200000 a 4500
001 vtls010519450
003 SK-MaSNL
005 20260301034004.0
008 240318s2012 xo a b 000 0 ger
015 |a SNBA2013/07 
020 |a 9788081201684  |q (brož.) 
035 |a 88F112B6-D8EB-455F-BA26-BD0DA1205C9D 
035 |a urn:nbn:sk:snk-amjyqm 
035 |a urn:nbn:sk:snk-am0080bh 
040 |a SNK  |b slo  |c SNK  |e AACR2 
041 0 |a ger 
044 |a xo  |c SK 
072 7 |a 811.112.2  |x Nemčina  |2 konspekt 
080 |a 811.112.2  |2 2001 
080 |a (075.2)  |2 2001 
080 |a (076.1)  |2 2001 
100 1 |a Menzlová, Beáta  |4 aut  |9 50630 
245 1 0 |a Hallo 5  |b Arbeitsheft : pracovný zošit k učebnici nemčiny pre základné školy  |c [Beata Menzlová , Alexandra Olejárová ; ilustrácie: Viktor Csiba] 
250 |a 1. vyd. 
260 |a Bratislava  |b Orbis Pictus Istropolitana  |c 2012 
300 |a 96 s.  |b ilustr.  |c 30 cm 
650 0 7 |a nemčina  |2 SNKPH  |9 1384 
650 0 7 |a German language  |2 SNKPHeng  |9 278149 
655 7 |a učebnice základných škôl  |2 SNKPH  |9 70187 
655 7 |a pracovné zošity  |2 SNKPH  |9 70188 
655 7 |a Textbooks (elementary)  |2 SNKPHeng  |9 276977 
655 7 |a Activity books  |2 SNKPHeng  |9 302885 
700 1 |a Olejárová, Alexandra  |4 aut  |9 12296 
700 1 |a Csiva, Peter  |4 ill  |9 334058 
852 |a Štátna vedecká knižnica v Banskej Bystrici 
919 |a 978-80-8120-168-4 
999 |c 581042  |d 582972 
952 |a SNK  |b SNK  |y PREZ  |7 0  |p 17A1072033  |o snkSB 85157  |i snk2013/14341  |8 0  |0 0  |1 0  |4 0  |d 2013-06-20  |f 1  |l 0  |r 2025-05-09 00:00:00  |w 2026-02-23 
952 |a SNK  |b SNK  |y VYP  |7 0  |p 17A1072034  |o snkSB 85157 D1  |i snk2013/14342  |8 0  |0 0  |1 0  |4 0  |d 2013-06-20  |l 0  |r 2016-06-30 00:00:00  |w 2026-02-23